Normal view
MARC view
Entry Nombre corporativo
001 - NÚMERO DE CONTROL
- campo de control: 79653
003 - IDENTIFICADOR DEL NÚMERO DE CONTROL
- campo de control: DO-SdBNP
005 - FECHA Y HORA DE LA ÚLTIMA TRANSACCIÓN
- campo de control: 20210830150836.0
008 - DATOS DE LONGITUD FIJA
- campo de control de longitud fija: 210830|| aca||aabn | a|a d
040 ## - FUENTE DE LA CATALOGACIÓN
- Centro catalogador/agencia de origen: DO-SdBNP
- Centro/agencia transcriptor: DO-SdBNP
110 ## - ENCABEZAMIENTO-NOMBRE DE ENTIDAD CORPORATIVA
- Nombre de entidad corporativa o nombre de jurisdicción como elemento de entrada: República Dominicana.
- Unidad subordinada: Secretaría de Estado de Obras Públicas y Comunicaciones ; Dirección General de Reglamentos y Sistemas DGRS
670 ## - FUENTE DE DATOS ENCONTRADOS
- Cita de la fuente: Work cat.: (DO-SdBNP): República Dominicana. Secretaría de Estado de Obras Públicas y Comunicaciones ; Dirección General de Reglamentos y Sistemas DGRS, Reglamento para estudios geotécnicos en edificaciones :, 2006.
